000 00506pab a2200169 454500
008 180718b2000 xxu||||| |||| 00| 0 eng d
100 _aKalra, Sajla
245 _aEconomic viability and equity issues in financial institutional reforms: a study of regional rural banks in Punjab
260 _c2000
300 _ap.627-43
362 _aOct-Dec
650 _aBanks - India - Punjab
650 _aBanks
700 _aSingh, Karam
773 _aIndian Journal of Agricultural Economics
909 _a48791
999 _c48791
_d48791